007110000a220012100045001000031000002450085000313000041001165200259001577730058004169420008004749520090004829990017005721 aDa Silva, Domingos Sávio10aEl pobre es el íno! divino a la violencia también intervencionista (Habacuc) aNum. 35-36 (2000), Páginas 194-199 aEl artículo expone las líneas esenciales del texto de Habacuc, tratando de interpretar el sentido de la intervención extranjera en Judá, destacando la función del justo – íllamado también ungido! – en el proyecto divino de liberación.0 tRevista de Interpretación Bíblica Latinoamericana cANA 001040708HEMaFUSBCbFUSBCd2016-01-26l0o r2016-01-26 00:00:00w2016-01-26yANA c52554d52554